Economic issues in SAARC context / (Record no. 26087)

MARC details
000 -LEADER
fixed length control field 00933nam a22002537a 4500
005 - DATE AND TIME OF LATEST TRANSACTION
control field 20090505110443.0
008 - FIXED-LENGTH DATA ELEMENTS--GENERAL INFORMATION
fixed length control field 090505t xxu||||| |||| 00| 0 eng d
010 ## - LCCN (DPL NO)
LC control number ENG-93419
020 ## - INTERNATIONAL STANDARD BOOK NUMBER
International Standard Book Number 818988669X
Terms of availability 880.00
020 ## - INTERNATIONAL STANDARD BOOK NUMBER
International Standard Book Number 9788189886691
Terms of availability 880.00
035 ## - SYSTEM CONTROL NUMBER
System control number EN-76952
037 ## - SOURCE OF ACQUISITION
Source of stock number/acquisition DBAD / PUB
040 ## - CATALOGING SOURCE
Original cataloging agency dpl
Language of cataloging English
082 ## - DEWEY DECIMAL CLASSIFICATION NUMBER
Classification number 338.9
100 ## - MAIN ENTRY--PERSONAL NAME
Personal name Bhuimali, Anil
245 ## - TITLE STATEMENT
Title Economic issues in SAARC context /
Statement of responsibility, etc by Anil Bhuimali [and] Chandan K. Mukhopadhyay
260 ## - PUBLICATION, DISTRIBUTION, ETC. (IMPRINT)
Place of publication, distribution, etc Delhi
Name of publisher, distributor, etc Abhijeet Publications
Date of publication, distribution, etc 2008
270 ## - ADDRESS
Address 2/46 Tukhmeerpur Extension
City Delhi
Postal code 110094
300 ## - PHYSICAL DESCRIPTION
Extent xiv, 298p.
Dimensions 22cm (Hb)
500 ## - GENERAL NOTE
General note Includes references
700 ## - ADDED ENTRY--PERSONAL NAME
Personal name Mukhopadhyay, Chandan K.
942 ## - ADDED ENTRY ELEMENTS (KOHA)
Source of classification or shelving scheme Dewey Decimal Classification
Item type English Books
Call number suffix BHU
Classification part 338.9
Holdings
Withdrawn status Lost status Source of classification or shelving scheme Damaged status Not for loan Collection code Home library Current library Date acquired Source of acquisition Cost, normal purchase price Total Checkouts Full call number Barcode Date last seen Copy number Cost, replacement price Koha item type
    Dewey Decimal Classification   Not For Loan Non-fiction D.B.Act.Division D.B.Act.Division 05/05/2009 DBAD / PUB 880.00   338.9 BHU EN-76952 05/05/2009 1 880.00 English Books

© Delhi Public Library
Hit Counter
free hit counter